La especería de Castilla, nota política en la política indiana (Registro nro. 174937)
[ vista simple ]
| 000 -LEADER | |
|---|---|
| campo de control de longitud fija | 01088nam a2200217 i 4500 |
| 001 - NÚMERO DE CONTROL | |
| campo de control | 174937 |
| 003 - IDENTIFICADOR DE NÚMERO DE CONTROL | |
| campo de control | ES-MaACL |
| 005 - FECHA Y HORA DE LA ÚLTIMA TRANSACCIÓN | |
| campo de control | 20231216062913.0 |
| 008 - DATOS DE LONGITUD FIJA--INFORMACIÓN GENERAL | |
| campo de control de longitud fija | 100716s1975 po |||| | spa d |
| 080 ## - NÚMERO DE LA CLASIFICACIÓN DECIMAL UNIVERSAL | |
| Número de la Clasificación Decimal Universal | 94(594.31)(063) |
| 100 1# - ENTRADA PRINCIPAL--NOMBRE DE PERSONA | |
| Nombre de persona | Pérez de Tudela y Bueso, Juan, |
| Fechas asociadas al nombre | 1922-2004 |
| 9 (RLIN) | 90810 |
| 245 13 - MENCIÓN DEL TÍTULO | |
| Título | La especería de Castilla, nota política en la política indiana |
| Resto del título | : (consideraciones sobre la implicación atlántica en la gesta del Pacífico) / |
| Mención de responsabilidad, etc. | por Juan Pérez de Tudela y Bueso. |
| 260 ## - PUBLICACIÓN, DISTRIBUCIÓN, ETC. | |
| Lugar de publicación, distribución, etc. | Lisboa : |
| Nombre del editor, distribuidor, etc. | Junta de Investigações Científicas do Ultramar, |
| Fecha de publicación, distribución, etc. | 1975. |
| 300 ## - DESCRIPCIÓN FÍSICA | |
| Extensión | P. [629]-687 ; |
| Dimensiones | 28 cm. |
| 595 ## - | |
| -- | Separata de: A viagem de Fernão de Magalhães e a questão das Molucas. Junta de Investigações Científicas do Ultramar (Centro de Estudos de Cartografia Antiga; n. 16) |
| 600 14 - PUNTO DE ACCESO ADICIONAL DE MATERIA--NOMBRE DE PERSONA | |
| Nombre de persona | Magallanes, Fernando de ( |
| Fechas asociadas al nombre | m. 1521) |
| 9 (RLIN) | 143242 |
| 651 #4 - PUNTO DE ACCESO ADICIONAL DE MATERIA--NOMBRE GEOGRÁFICO | |
| Nombre geográfico | América española- |
| Subdivisión general | Comercio exterior- |
| Subdivisión geográfica | España. |
| 9 (RLIN) | 168845 |
| 710 2# - ENTRADA AGREGADA--NOMBRE DE ENTIDAD CORPORATIVA | |
| Nombre de entidad corporativa o nombre de jurisdicción como elemento de entrada | Junta de Investigações Científicas do Ultramar (Portugal) |
| 9 (RLIN) | 143240 |
| 852 4# - LOCALIZACIÓN | |
| Ubicación | ES-MaACL |
| Número de control de estantería | 2280-F-13 |
| Estatus retirado | Estado de pérdida | Estado de daño | No para préstamo | Colección | Biblioteca de origen | Biblioteca actual | Ubicación en estantería | Fecha de adquisición | Fuente de adquisición | Total de préstamos | Signatura topográfica completa | Código de barras | Visto por última vez | Precio de reemplazo | Tipo de ítem Koha |
|---|---|---|---|---|---|---|---|---|---|---|---|---|---|---|---|
| Colección de folletos | Biblioteca del Ateneo de Madrid | Biblioteca del Ateneo de Madrid | Depósito folletos | 16/07/2010 | 2280-F-13 | 1183674 | 23/02/2023 | 23/02/2023 | Folleto |
